Catalog

Record Details

Catalog Search



Available copies

  • 1 of 1 copy available at LARL/NWRL Consortium.

Current holds

0 current holds with 1 total copy.

Show All Copies
Location Call Number / Copy Notes Barcode Shelving Location Status Due Date
Roseau Public Library GOU (Text) 35500005532187 Main Available -

Record details

  • Physical Description: 260 p. ; 22 cm.
  • Publisher: New York (16 E. 34th St., New York 10016) : Guideposts, c2009.
Subject: Grandparent and child > Fiction.
Families > Fiction.
Farm life > Fiction.
Nebraska > Fiction.
Genre: Domestic fiction.
Christian fiction.
LDR 01026cam a2200313 a 4500
001171219
003LARL_NWRL_CONSORTIUM
00520090706182908.0
008090609s2009 nyu 000 1 eng d
010 . ‡a2009291406
035 . ‡a(OCoLC)351487197
040 . ‡aCI8 ‡cCI8 ‡dIUI ‡dDLC
042 . ‡alccopycat
043 . ‡an-us-nb
049 . ‡aNRG
05000. ‡aPS3607.O89 ‡bP76 2009
08200. ‡a813/.6 ‡222
1001 . ‡aGould, Leslie, ‡d1962- ‡0(LARL_NWRL_CONSORTIUM)190678
24514. ‡aThe promise of spring / ‡cLeslie Gould.
260 . ‡aNew York (16 E. 34th St., New York 10016) : ‡bGuideposts, ‡cc2009.
300 . ‡a260 p. ; ‡c22 cm.
4900 . ‡aHome to Heather Creek
650 0. ‡aGrandparent and child ‡vFiction. ‡0(LARL_NWRL_CONSORTIUM)165391
650 0. ‡aFamilies ‡vFiction. ‡0(LARL_NWRL_CONSORTIUM)164942
650 0. ‡aFarm life ‡vFiction. ‡0(LARL_NWRL_CONSORTIUM)164970
651 0. ‡aNebraska ‡vFiction. ‡0(LARL_NWRL_CONSORTIUM)168673
655 0. ‡aDomestic fiction.
655 7. ‡aChristian fiction. ‡2gsafd
901 . ‡a171219 ‡bLCCN ‡c171219 ‡tbiblio

Additional Resources